Datum a čas kvízu
16.5
Celkem bodů
Celkový počet nahraných bodů na tomto kvízu bez doplňovacích otázek.
11.
Pořadí na kvízu
Konečné umístění týmu na tomto kvízu.
Zaznamenané odpovědi
| # | Otázka | Odpověď | Body | Výsledky |
|---|---|---|---|---|
| 1. | Minulý týden představila Ursul... | mezinárodní partnerství | 0 | |
| 2. | Radní nizozemského města Haag... | C) reklama na cokoli souvisejícího s fosilními palivy | 1 | |
| 3. | Jedna 80letá žena se rozhodla... | z Jižní Koreje | 1 | |
| 4. | Americký výrobce plastových ob... | Tupperware | 0 | |
| 5. | Který muž vstoupil do sezóny j... | Radko Gudas | 1 | |
| 6. | Evropský den jazyků se slaví k... | 1D 2C 3B 4A | 0 | |
| 7. | Kašubština patří mezi jazyky: | C | 0 | |
| 8. | Stříška nad písmenem, zvaná té... | pět (tedy všechny) | 0 | |
| 9. | Vrcholný představitel ruského... | Fjodor Michajlovič Dostojevskij | 0 | |
| 10. | Kterým slovem na pět písmen se... | Banát | 0 |